[Event "Bhubaneswar SOA op 1st"]
[Site "Bhubaneswar"]
[Date "2024.02.02"]
[Round "8"]
[White "Jake, Shanty"]
[Black "Aquino, Jethro Dino"]
[Result "0-1"]
[WhiteElo "1903"]
[BlackElo "2166"]
[PlyCount "62"]
[EventDate "2024.01.28"]
[EventType "swiss"]
[EventRounds "10"]
[EventCountry "IND"]
[SourceTitle "CB06_2024"]
[SourceDate "2024.02.07"]
[SourceVersion "1"]
[SourceVersionDate "2024.02.07"]
[SourceQuality "1"]

1. d4 Nf6 2. Nf3 g6 3. Nbd2 d5 4. b3 Bg7 5. Bb2 0-0 6. e3 b6 7. c4 e6 8. Be2 Bb7 9. 0-0 Nbd7 10. Rc1 Nb8 11. Ra1 Nbd7 12. Rc1 Rc8 13. b4 c5 14. bxc5 bxc5 15. cxd5 Bxd5 16. Bc4 Ne4 17. Bxd5 exd5 18. Nxe4 dxe4 19. Nd2 Re8 20. Nc4 Nb6 21. dxc5 Qxd1 22. Rfxd1 Rxc5 23. Nxb6 axb6 24. Bxg7 Kxg7 25. Rb1 Rc2 26. Rxb6 Ra8 27. g3 Raxa2 28. Rf1 Re2 29. h3 g5 30. Rbb1 f5 31. Rbe1 Red2 0-1

[Event "Bhubaneswar SOA op 1st"]
[Site "Bhubaneswar"]
[Date "2024.01.29"]
[Round "2"]
[White "Goutham Krishna, H."]
[Black "Jake, Shanty"]
[Result "1-0"]
[WhiteElo "2288"]
[BlackElo "1903"]
[PlyCount "173"]
[EventDate "2024.01.28"]
[EventType "swiss"]
[EventRounds "10"]
[EventCountry "IND"]
[SourceTitle "CB06_2024"]
[SourceDate "2024.02.07"]
[SourceVersion "1"]
[SourceVersionDate "2024.02.07"]
[SourceQuality "1"]

1. Nf3 Nf6 2. c4 e6 3. d4 Bb4+ 4. Bd2 Bxd2+ 5. Qxd2 b6 6. g3 Bb7 7. Bg2 d6 8. 0-0 0-0 9. Qc2 Be4 10. Qd1 Nbd7 11. Nc3 Bb7 12. Qc2 c5 13. d5 exd5 14. Nh4 Ne5 15. cxd5 Ng6 16. Nf5 Ne7 17. Ne3 Rb8 18. a4 a6 19. Rfd1 Qc7 20. Nc4 Bc8 21. e4 b5 22. axb5 axb5 23. Ne3 Ng6 24. b3 Bd7 25. h3 Qb6 26. Kh2 h5 27. Ne2 Ra8 28. Nf4 Ne5 29. Qe2 c4 30. bxc4 bxc4 31. Rab1 Qc5 32. Rbc1 Bb5 33. Nxh5 Nxh5 34. Qxh5 Ra2 35. Qf5 Bd7 36. Qf4 Ng6 37. Qg5 Rxf2 38. Nxc4 Ra2 39. Qe3 Qxe3 40. Nxe3 Ne5 41. g4 Rb8 42. Rb1 Rba8 43. Rdc1 Re2 44. Rc3 Raa2 45. Kg3 Rad2 46. Rg1 Ra2 47. Bh1 Ra4 48. Bf3 Rb2 49. Rg2 Rb1 50. Rd2 g6 51. Bg2 Bb5 52. g5 Kg7 53. Ng4 Nxg4 54. Kxg4 Rg1 55. Kf4 Bf1 56. Bf3 Bb5 57. Rb2 Bc4 58. Rd2 f6 59. h4 f5 60. Rd4 fxe4 61. Bxe4 Rf1+ 62. Kg3 Bb5 63. Rxa4 Bxa4 64. Ra3 Bb5 65. Rb3 Bc4 66. Rb6 Re1 67. Kf4 Rf1+ 68. Ke3 Rd1 69. Rxd6 Kf7 70. Rf6+ Ke7 71. Re6+ Kd7 72. Rxg6 Bxd5 73. Bxd5 Rxd5 74. Rf6 Ke7 75. Kf3 Rd4 76. Rf4 Rd1 77. Kg4 Rd5 78. g6 Rd1 79. Kg5 Rg1+ 80. Kh6 Ke6 81. h5 Ke7 82. Kh7 Rg5 83. h6 Ke8 84. g7 Ke7 85. g8Q Rg7+ 86. Qxg7+ Ke8 87. Rf8# 1-0

[Event "Meghalaya op 1st"]
[Site "Shillong"]
[Date "2023.12.17"]
[Round "7"]
[White "Shahil, Dey"]
[Black "Jake, Shanty"]
[Result "1-0"]
[WhiteElo "2368"]
[BlackElo "1919"]
[PlyCount "81"]
[EventDate "2023.12.13"]
[EventType "swiss"]
[EventRounds "10"]
[EventCountry "IND"]
[SourceTitle "CB52_2023"]
[SourceDate "2023.12.27"]
[SourceVersion "1"]
[SourceVersionDate "2023.12.27"]
[SourceQuality "1"]

1. e4 c5 2. Nc3 d6 3. Nge2 Nf6 4. g3 g6 5. Bg2 Bg7 6. d3 Nc6 7. 0-0 0-0 8. Bg5 Bd7 9. Qd2 Rb8 10. a4 a6 11. Bh6 Re8 12. Bxg7 Kxg7 13. h3 b5 14. axb5 axb5 15. Nd5 e6 16. Ne3 Qc7 17. g4 Nd4 18. Ng3 Ng8 19. Rae1 b4 20. f4 f6 21. Qf2 Rf8 22. f5 e5 23. h4 Qd8 24. Qd2 Ne7 25. c3 bxc3 26. bxc3 Ndc6 27. g5 Ng8 28. Nd5 Be8 29. fxg6 hxg6 30. gxf6+ Nxf6 31. Qg5 Nxd5 32. Nh5+ Kg8 33. Rxf8+ Kxf8 34. Qh6+ Ke7 35. exd5 gxh5 36. dxc6 Bf7 37. Rf1 Qh8 38. Rxf7+ Kxf7 39. Bd5+ Ke7 40. Qe6+ Kd8 41. Qd7# 1-0